=LDR 00000nam 2200000 4500 =001 INLIS00000000000051 =005 20260702043538 =020 ##$$a 978-1133-30-1 =082 ##$$a 641.865 =100 1#$$a Murtado, Taufik Ali =245 1 $$a Brownies & Blondies /$c Taufik Ali Murtado =300 ##$$a 56 ; 15,5 x 23,5cm